| 000 | 01192cam a22003497a 4500 | ||
|---|---|---|---|
| 003 | CHAP | ||
| 005 | 20220329142413.0 | ||
| 008 | 001129d1999 us a r 00110 eng d | ||
| 010 | _a82998 | ||
| 011 | _a83970 | ||
| 020 | _a089672400X | ||
| 035 | _a94489 | ||
| 040 | _cCHAP | ||
| 082 | 0 | 4 |
_a582.12 _bE8 |
| 100 | 0 | 0 |
_aEveritt, James H. _938992 |
| 245 | 1 | 0 |
_aField guide to the broad-leaved herbaceous plants of southe Texas : _bused by livestock and wildlife _c/by James H. Everitt, D. Lynn Drawe, Robert I. Lonard |
| 260 |
_aLubbock, Texas : _bTech University Press, _cc.1999. |
||
| 300 |
_a277 p. : _bilus. |
||
| 590 |
_aBATCH-UPD _b10 _c20130110 _lUCH01 _h0321 |
||
| 590 |
_aBATCH-UPD _b10 _c20130110 _lUCH01 _h1638 |
||
| 590 |
_aBATCH-UPD _b10 _c20130409 _lUCH01 _h2354 |
||
| 590 |
_aBATCH-UPD _b10 _c20130914 _lUCH01 _h1335 |
||
| 590 |
_aCONVERSION _b10 _c20130109 _lUCH01 _h1346 |
||
| 650 | 1 | 4 |
_aGramĂneas. _950260 |
| 650 | 1 | 4 |
_aPlantas herbáceas. _988998 |
| 700 | 0 |
_aDrawe, D. Lynn. _934179 |
|
| 700 | 0 |
_aLonard, Robert I. _967541 |
|
| 901 | _aBK | ||
| 905 | _aPatricia Mendoza P. | ||
| 942 | _cLIBRO | ||
| 949 |
_a582.12 E8 _bBC _cLIBRO _d33724000812442 _eLIBRO _g208985 _h98969 _i94489 _sex |
||
| 999 |
_c82998 _d82998 |
||